Busiest Container Seaports - Statistics

General Stats
  • This quiz has been taken 29 times
  • The average score is 5 of 10
Answer Stats
2023 TEU Answer % Correct
49.0m Shanghai
82%
39.0m Singapore
79%
14.3m Hong Kong
71%
13.4m Rotterdam
68%
20.8m Guangzhou
61%
26.9m Shenzhen
61%
21.8m Tianjin
43%
22.8m Busan
32%
26.4m Qingdao
29%
35.3m Ningbo-Zhoushan
21%
No matching quizzes found
Score Distribution
Percent of People with Each Score
Percentile by Number Answered
Your Score History
You have not taken this quiz